| 000 | 01332cam a2200337 a 4500 | ||
|---|---|---|---|
| 999 |
_c859 _d859 |
||
| 001 | 15213414 | ||
| 003 | GZU | ||
| 005 | 20200915120607.0 | ||
| 008 | 080310s2008 enkab b 001 0 eng | ||
| 010 | _a 2008010341 | ||
| 020 | _a9781405874304 (pbk.) | ||
| 040 |
_aDLC _cDLC _dDLC |
||
| 043 |
_an-us--- _ae-ur--- |
||
| 050 | 0 | 0 |
_aE183.8 _bMCC 2008 |
| 082 | 0 | 0 |
_a327.73047 _222 |
| 100 | 1 | _aMcCauley, Martin. | |
| 245 | 1 | 0 |
_aRussia, America and the Cold War, 1949-1991 / _cMartin McCauley. |
| 250 | _aRev. 2nd ed. | ||
| 260 |
_aHarlow, England ; _aNew York : _bPearson Longman, _c2008. |
||
| 300 |
_alxx, 170 p. : _bill. (some col.), maps ; _c24 cm. |
||
| 490 | 0 | _aSeminar studies in history | |
| 504 | _aIncludes bibliographical references (p. [155]-161) and index. | ||
| 650 | 0 | _aCold War. | |
| 651 | 0 |
_aUnited States _xForeign relations _zSoviet Union. |
|
| 651 | 0 |
_aSoviet Union _xForeign relations _zUnited States. |
|
| 651 | 0 |
_aUnited States _xForeign relations _y1945-1989. |
|
| 856 | 4 | 1 |
_3Table of contents only _uhttp://www.loc.gov/catdir/toc/ecip0813/2008010341.html |
| 906 |
_a7 _bcbc _corignew _d1 _eecip _f20 _gy-gencatlg |
||
| 942 |
_2lcc _cBK _hE 183.8 _iMCC _kE |
||